International maritime arbitration organization ICC/CMC [i.e. ICC/CMI] rules = Organisation internationale d'arbitrage maritime règlement CCI/CMI.

Gorde:
Xehetasun bibliografikoak
Egile korporatiboa: International Chamber of Commerce, International Maritime Committee
Formatua: Liburua
Hizkuntza:English
Argitaratua: Paris : ICC Publishing, 1991.
Edizioa:2nd ed.
Saila:Publication (International Chamber of Commerce) ; no. 324.
Gaiak:
LEADER 01181nam a2200289 a 4500
001 c000386742
003 CARM
005 00000000000000.0
008 960807s1991 fr 00000 eng d
019 1 |a 10637385  |5 LACONCORD2021 
020 |a 9284201166 
035 |a (OCoLC)221449000  |5 LACONCORD2021 
040 |a SUSA  |c SUSA 
082 0 4 |a 341.7566  |2 20 
110 2 0 |a International Chamber of Commerce. 
245 1 0 |a International maritime arbitration organization ICC/CMC [i.e. ICC/CMI] rules =  |b Organisation internationale d'arbitrage maritime règlement CCI/CMI. 
246 3 1 |a Organisation internationale d'arbitrage maritime règlement CCI/CMI. 
250 |a 2nd ed. 
260 |a Paris :  |b ICC Publishing,  |c 1991. 
300 |a 47 p. ;  |c 21 cm. 
490 0 |a ICC publication ;  |v no. 324. 
650 0 |a Maritime law. 
710 2 |a International Maritime Committee. 
830 0 |a Publication (International Chamber of Commerce) ;  |v no. 324. 
852 8 |b CARM  |h A3:AB18G0  |i A05539  |p 0479709  |f BK 
999 f f |i a15c6e58-0365-5eb9-92d9-ee2044ae0b6a  |s b58912c9-f4a5-5700-a99d-b2e9e3ff6300 
952 f f |p Can circulate  |a CAVAL  |b CAVAL  |c CAVAL  |d CARM 1 Store  |e A05539  |f A3:AB18G0  |h Other scheme  |i book  |m 0479709